Светско првенство у фудбалу 2026. - Statistics

General Stats
  • This quiz has been taken 25 times
  • The average score is 33 of 48
Answers on the Map
Answers color-coded by a green-red scale on the quiz's map according to % correct below.
 
Answer Stats
Country % Correct
Јапан
95%
Мексико
89%
Канада
89%
Немачка
89%
Шпанија
89%
Аргентина
89%
Хрватска
89%
Босна и Херцеговина
84%
Бразил
84%
САД
84%
Иран
84%
Француска
84%
Португалија
84%
Енглеска
84%
Мароко
79%
Белгија
79%
Јужна Кореја
74%
Холандија
74%
Шведска
74%
Ирак
74%
Колумбија
74%
Катар
68%
Швајцарска
68%
Египат
68%
Саудијска Арабија
68%
Уругвај
68%
Јужна Африка
63%
Парагвај
63%
Аустралија
63%
Тунис
63%
Нови Зеланд
63%
Аустрија
63%
Гана
63%
Чешка
58%
Турска
58%
Еквадор
58%
Норвешка
58%
Алжир
58%
Шкотска
53%
Курасао
53%
Зеленортска Острва
53%
Панама
53%
Хаити
47%
Сенегал
47%
ДР Конго
47%
Узбекистан
47%
Обала Слоноваче
42%
Јордан
37%
No matching quizzes found
Score Distribution
Percent of People with Each Score
Percentile by Number Answered
Your Score History
You have not taken this quiz